00994 a2200157 45000010006000000050017000060080041000230030015000640400040000790800034001192450027001532640047001803000019002275050567002461000023008132959220260407155605.0260407a1949 arg spa dAR-UNSa-BCEJYS aAR-UNSa-BCEJYSbspacAR-UNSa-BCEJYS a657.312xTipo de presupuestos10aControl presupuestario 1aBuenos Aires :bSelección Contablec1949 a151 p.c23 cm. a1. Fundamentos del control presupuestario - 2. Preparación de presupuestos - 3. Control de las desviaciones - 4. Presupuesto de ventas - 5. Presupuesto de producción - 6. Presupuesto de compras y existencias - 7. Presupuesto de planta y equipo - 8. Presupuesto de cargas y gastos de la explotación - 9. Presupuesto de crédito a cobrar - 10. Presupuesto de créditos a pagar - 11. Presupuesto de inversiones financieras - 12. Presupuesto de capital y reservas - 13. Presupuesto financiero - 14. Balances de situación y estado de pérdidas y ganancias 1 aCholvis, Francisco